Selection of term deposit in Slovak Republic according to predefined criteria using the topsis method

Termínované vklady v Slovenskej republike ako tradičné formy zhodnotenia voľných finančných prostriedkov. Kritériá a faktory pri výbere a nastavení termínovaného vkladu, ktorý bol základom pre jeho vyhodnotenie a porovnanie.

Saved in:
Bibliographic Details
Main Author: Stašková, Slavomíra, 1989-
Other Authors: Meheš, Marek, Ragányová, Veronika
Format: Book Chapter
Language:English
Subjects:
Tags: Add Tag
No Tags, Be the first to tag this record!

MARC

LEADER 00000nla a2200000 4500
001 0227312
005 20240502073739.5
041 0 |a eng 
044 |a SK 
245 1 0 |a Selection of term deposit in Slovak Republic according to predefined criteria using the topsis method  |c Slavomíra Stašková, Marek Meheš, Veronika Ragányová 
520 |a Termínované vklady v Slovenskej republike ako tradičné formy zhodnotenia voľných finančných prostriedkov. Kritériá a faktory pri výbere a nastavení termínovaného vkladu, ktorý bol základom pre jeho vyhodnotenie a porovnanie. 
610 2 0 |a kritériá rozhodovania 
610 2 0 |a metódy rozhodovania 
610 2 0 |a rozhodovanie viackriteriálne 
610 2 0 |a metódy kvantitatívne 
610 2 0 |a produkty bankové 
610 2 0 |a vklady 
100 1 |a Stašková, Slavomíra, 1989- 
700 1 |a Meheš, Marek 
700 1 |a Ragányová, Veronika